| Поле | Инд. | ПП | Название | Значение |
|---|---|---|---|---|
| Тип записи | a | |||
| Библиографический уровень | b | |||
| 001 | Контрольный номер | DU/528475117 | ||
| 005 | Дата корректировки | 20260413141503.6 | ||
| 008 | Кодируемые данные | 20160928 | ||
| 040 | b | Код языка каталог. | rus | |
| e | Правила каталог. | PSBO | ||
| 041 | 0_ | a | Код языка текста | rus |
| 084 | a | Индекс другой классификации/Индекс ББК | 65.291.34(2-2СПб) | |
| 100 | 1_ | a | Автор | Плетнёва Н. А. |
| 245 | 10 | a | Заглавие | Выбор названия и графический дизайн как инструменты позиционирования бренда на рынке экопродукции |
| 520 | 0_ | a | Аннотация | В статье рассматриваются прикладные аспекты создания вербальной и визуальной идентичности на примере проекта создания сети фермерских магазинов в г. Санкт-Петербурге. Материал статьи является результатом совместной работы автора и творческих агентств и раскрывает такие аспекты, как создание коммуникативной платформы бренда, определение семантического поля и фонетический анализ вербального бренда, построение карты позиционирования названия, а также выбор шрифта, цвета, символов, фактур и корпоративного героя для визуального образа бренда |
| 650 | 14 | a | Основная рубрика | маркетинг |
| a | Основная рубрика | экономика | ||
| a | Основная рубрика | экономика предприятия | ||
| 653 | 1_ | a | Ключевые слова | бренды |
| a | Ключевые слова | брендинг | ||
| a | Ключевые слова | вербальная идентичность | ||
| a | Ключевые слова | визуальная идентичность | ||
| a | Ключевые слова | графический дизайн | ||
| a | Ключевые слова | маркетинговые коммуникации | ||
| a | Ключевые слова | нейминг | ||
| a | Ключевые слова | позиционирование бренда | ||
| a | Ключевые слова | разработка названия | ||
| a | Ключевые слова | ритейл | ||
| a | Ключевые слова | Россия | ||
| a | Ключевые слова | рынок экопродукции | ||
| a | Ключевые слова | Санкт-Петербург | ||
| a | Ключевые слова | символы | ||
| a | Ключевые слова | фермерские магазины | ||
| a | Ключевые слова | цвет в рекламе | ||
| a | Ключевые слова | экобренды | ||
| a | Ключевые слова | экомаркетинг | ||
| a | Ключевые слова | экопродукция | ||
| 773 | 08 | t | Заглавие источника | Маркетинг в России и за рубежом |
| d | Дата издания источника | 2015 | ||
| g | Прочая информация | № 5. - С. 47 - 58 : рис. | ||
| w | Контрольный № источника | RU/IS/BASE/499273216 | ||
| 901 | t | Тип документа | b |